000 00397nam a2200157Ia 4500
008 151213s9999 xx 000 0 und d
100 _aNirmal Chandra Pal
245 _aThe Bangladesh Labour Code 2006
_cNirmal Chandra Pal
250 _a1st
260 _aDhaka
_bShams Publicatoion
_c2007
300 _a4582 p.
650 _aLaw
650 _aLaw
700 _aNirmal Chandra Pal
999 _c2952
_d2952